Países con Disputas Territoriales - Estadísticas

Estadísticas generales
  • Esta prueba ha sido intentada 126 veces
  • La puntuación promedio es 40 de 58
Estadísticas de respuestas
Continente País % Correcto
Europa Reino Unido
96%
Europa/Asia Rusia
96%
Asia China
92%
Sudamérica Argentina
90%
Europa España
90%
Europa Ucrania
90%
África Marruecos
89%
Norteamérica Estados Unidos
87%
Europa Francia
87%
Sudamérica Chile
86%
Sudamérica Bolivia
85%
Sudamérica Brasil
85%
Asia India
85%
Sudamérica Colombia
84%
Sudamérica Venezuela
84%
Sudamérica Perú
83%
Norteamérica México
82%
Norteamérica Canadá
80%
Sudamérica Guyana
80%
Asia Israel
80%
Sudamérica Uruguay
80%
Sudamérica Surinam
78%
Norteamérica Nicaragua
74%
Asia Pakistán
74%
Asia Siria
74%
Asia Georgia
73%
África Sudán
73%
Asia Taiwán
72%
Asia Armenia
71%
Asia Corea del Sur
71%
África Egipto
71%
Norteamérica Guatemala
71%
Asia Japón
71%
Asia Azerbaiyán
70%
Europa Serbia
70%
Norteamérica Cuba
67%
Norteamérica El Salvador
67%
Norteamérica Haití
67%
Norteamérica Honduras
67%
Europa Dinamarca
66%
Europa Kosovo
66%
África Somalia
65%
Asia Vietnam
65%
Europa Portugal
64%
Norteamérica Belice
61%
Europa Irlanda
60%
Europa Moldavia
60%
Asia Chipre
55%
Asia Líbano
55%
Asia Malasia
55%
Asia Filipinas
44%
Asia Brunéi
41%
Europa Islandia
34%
Oceanía Vanuatu
34%
África Madagascar
30%
África Comoras
28%
África Mauricio
28%
África Seychelles
27%
No se encontraron pruebas coincidentes
Distribución de puntuación
Porcentaje de gente con cada puntuación
Porcentaje por número respondido
Historial de tus puntuaciones
No has intentado esta prueba.